00261 a2200109 4500001000700000020000600007040001100013100003900024240004200063245003700105362000900142168026 a  cMagnum aOliveira, Ana Cristina Baptistella10aQual a sua formacao, professor ?lpor10aQual a sua formacao, professor ?0 a1899